| 000 | 00424cam a2200181ua 4500 | ||
|---|---|---|---|
| 020 | _c1.50 | ||
| 041 |
_amal _h |
||
| 082 |
_a894.812301 _bKOC/KA |
||
| 100 | _aKochery, S.K . | ||
| 245 |
_aKathayum Kaminiyum / _cS.K.Kochery. _hTextual Documents |
||
| 250 |
_a1 / _b. |
||
| 260 |
_aAhamedabad : _bYugachethana , _c1968. |
||
| 300 | _a146 ; . | ||
| 365 | _a1.50 | ||
| 504 | _a | ||
| 942 | _cBK | ||
| 999 |
_c947 _d947 |
||